000
00276nam a2200121Ia 4500
008
190216s9999||||xx |||||||||||||| ||und||
100
_a
Gupta
245
0
_a
Fundamentals Of Insurance
260
_b
Himalaya Publishing House
300
_a
236
650
_a
Commerce
942
_c
BK
999
_c
6904
_d
6904